| 000 | 04506cam a22007337a 4500 | ||
|---|---|---|---|
| 001 | 000006882 | ||
| 003 | CHAP | ||
| 005 | 20220329133456.0 | ||
| 008 | 971013m1992 mx r o00010 spa d | ||
| 010 | _a6827 | ||
| 011 | _a7799 | ||
| 035 | _a7023 | ||
| 040 | _cCHAP | ||
| 082 | 0 | 4 |
_a317.2 _bM4 Jal. |
| 110 | 2 |
_aInstituto Nacional de Estadística, Geografía e Informática. México _959304 |
|
| 245 | 1 | 0 |
_aAnuario estadístico del estado de Jalisco : _b/por Instituto Nacional de Estadística, Geografía e Informática. |
| 260 |
_aMéxico, D.F. : _bInstituto Nacional de Estadística, Geografía e Informática, _c1992-19 . |
||
| 300 | _av. | ||
| 500 | _ac. de : Manual de estadísticas básicas | ||
| 500 | _aLa biblioteca tiene: 1992, 1993, 1994, 1995, 1996, 1997, 1998, 1999, 2000, 2001, 2002(2v.), 2003(v.1), 2004(2v.), 2006(2v.), 2007(2v.), 2008(2v.), 2009(2v.), 2010(2v.), 2012(2v.) | ||
| 590 |
_aBATCH-UPD _b10 _c20130110 _lUCH01 _h2023 |
||
| 590 |
_aBATCH-UPD _b10 _c20130410 _lUCH01 _h1341 |
||
| 590 |
_aBATCH-UPD _b10 _c20130914 _lUCH01 _h1455 |
||
| 590 |
_aCONVERSION _b10 _c20130109 _lUCH01 _h1305 |
||
| 590 |
_aE5995AHE _b05 _c20131107 _lUCH01 _h1149 |
||
| 650 | 1 | 4 |
_aAgricultura _xEstadisticas _zJalisco. _91455 |
| 650 | 1 | 4 |
_aGanadería _xEstadísticas _zJalisco. _944714 |
| 650 | 1 | 4 |
_aJalisco _xEstadísticas. _960966 |
| 901 | _aBK | ||
| 942 | _cLIBRO | ||
| 942 | _n0 | ||
| 949 |
_a317.2 M4 Jal. _bBC _cINEGI _d33724000489811 _eINEGI _f1994 _gI. c/e _h88779 _i7023 _si _t45.00 |
||
| 949 |
_a317.2 M4 Jal. _bBC _cINEGI _d33724000528592 _eINEGI _f1994 c.2 _gI. c/e _h88779 _i7023 _si |
||
| 949 |
_a317.2 M4 Jal. _bBC _cINEGI _d33724000580965 _eINEGI _f1999 _h98075 _i7023 _sb |
||
| 949 |
_a317.2 M4 Jal. _bBC _cINEGI _d33724000618880 _eINEGI _f1995 _h91131 _i7023 _si |
||
| 949 |
_a317.2 M4 Jal. _bBC _cINEGI _d33724000658738 _eINEGI _f1992 _gI.c/e _h84219 _i7023 _si |
||
| 949 |
_a317.2 M4 Jal. _bBC _cINEGI _d33724000661559 _eINEGI _f1993 _h84999 _i7023 _si |
||
| 949 |
_a317.2 M4 Jal. _bBC _cINEGI _d33724000665675 _eINEGI _f1993 c.2 _h85000 _i7023 _si |
||
| 949 |
_a317.2 M4 Jal. _bBC _cINEGI _d33724000665717 _eINEGI _f1992 c.2 _gI.c/e _h84820 _i7023 _si |
||
| 949 |
_a317.2 M4 Jal. _bBC _cINEGI _d33724000717161 _eINEGI _f1998 _gI.197778 _h95166 _i7023 _sb _t117.00 |
||
| 949 |
_a317.2 M4 Jal. _bBC _cINEGI _d33724000730479 _eINEGI _f1996 _h91404 _i7023 _si _t85.00 |
||
| 949 |
_a317.2 M4 Jal. _bBC _cINEGI _d33724000732947 _eINEGI _f1997 c.2 _h93870 _i7023 _sb |
||
| 949 |
_a317.2 M4 Jal. _bBC _cINEGI _d33724000733994 _eINEGI _f1997 _gI.192189 _h92456 _i7023 _sb |
||
| 949 |
_a317.2 M4 Jal. _bBC _cINEGI _d33724000774139 _eINEGI _f1996 c.2 _h92455 _i7023 _kDonaciØn _sb |
||
| 949 |
_a317.2 M4 Jal. _bBC _cINEGI _d33724000822367 _eINEGI _f2000 _h99938 _i7023 _kDonaciØn _sb |
||
| 949 |
_a317.2 M4 Jal. _bBC _cINEGI _d33724000844056 _eINEGI _f1995 c.2 _gDonaciØn _h101181 _i7023 _sb |
||
| 949 |
_a317.2 M4 Jal. _bBC _cINEGI _d33724000849436 _eINEGI _f2001 _gDonaciØn _h102781 _i7023 _sb |
||
| 949 |
_a317.2 M4 Jal. _bBC _cINEGI _d33724000887899 _eINEGI _f2002 v.1 _h103498 _i7023 _sb |
||
| 949 |
_a317.2 M4 Jal. _bBC _cINEGI _d33724000887907 _eINEGI _f2002 v.2 _h103499 _i7023 _sb |
||
| 949 |
_a317.2 M4 Jal. _bBC _cINEGI _d33724000922670 _eINEGI _f2003 v.2 _gDonaciØn _h104429 _i7023 _sb |
||
| 949 |
_a317.2 M4 Jal. _bBC _cINEGI _d33724000922894 _eINEGI _f2003 v.1 _gDonaciØn _h104417 _i7023 _sb |
||
| 949 |
_a317.2 M4 Jal. _bBC _cINEGI _d33724000949301 _eINEGI _f2004 v.1 _gDonaciØn _h105616 _i7023 _sb |
||
| 949 |
_a317.2 M4 Jal. _bBC _cINEGI _d33724002006272 _eINEGI _f2006 v.2 _gDonaciØn _h108422 _i7023 _sb |
||
| 949 |
_a317.2 M4 Jal. _bBC _cINEGI _d33724002006347 _eINEGI _f2006 v.1 _gDonaciØn _h108421 _i7023 _sb |
||
| 949 |
_a317.2 M4 Jal. _bBC _cINEGI _d33724002051710 _eINEGI _f2007 v.2 _gDonaciØn _h109686 _i7023 _sb |
||
| 949 |
_a317.2 M4 Jal. _bBC _cINEGI _d33724002051793 _eINEGI _f2007 v.1 _gDonaciØn _h109685 _i7023 _sb |
||
| 949 |
_a317.2 M4 Jal. _bBC _cINEGI _d33724002096579 _eINEGI _f2008 v.1 _gDonaciØn _h111839 _i7023 _sb |
||
| 949 |
_a317.2 M4 Jal. _bBC _cINEGI _d33724002096611 _eINEGI _f2008 v.2 _gDonaciØn _h111840 _i7023 _sb |
||
| 949 |
_a317.2 M4 Jal. _bBC _cINEGI _d33724002110694 _eINEGI _f2009 v.1 _gDonaciØn _h111894 _i7023 _sb |
||
| 949 |
_a317.2 M4 Jal. _bBC _cINEGI _d33724002110736 _eINEGI _f2009 v.2 _gDonaciØn _h111895 _i7023 _sb |
||
| 949 |
_a317.2 M4 Jal. _bBC _cINEGI _d33724002238801 _eINEGI _f2010 v.1 _gDonaciØn _h114317 _i7023 _sb |
||
| 949 |
_a317.2 M4 Jal. _bBC _cINEGI _d33724002238842 _eINEGI _f2010 v.2 _gDonaciØn _h114318 _i7023 _sb |
||
| 949 |
_a317.2 M4 Jal. _bBC _cINEGI _d3372400949368 _eINEGI _f2004 v.2 _gDonaciØn _h105617 _i7023 _sb |
||
| 999 |
_c6827 _d6827 |
||